[Event "W-ch U20"]
[Site "Athens"]
[Date "2001.08.21"]
[Round "6"]
[White "Miton, Kamil"]
[Black "Kapnisis, Spyridon"]
[Result "1/2-1/2"]
[WhiteElo "2516"]
[BlackElo "2373"]
[PlyCount "55"]
[EventDate "2001.08.16"]
[EventType "swiss"]
[EventRounds "13"]
[EventCountry "GRE"]
[Source "Fruth,M"]
[SourceDate "2003.05.15"]

1. d4 d5 2. c4 e6 3. Nc3 c5 4. cxd5 cxd4 5. Qa4+ Bd7 6. Qxd4 exd5 7. Nf3 Nc6 8.
Qd1 Bg4 9. e3 Nf6 10. Be2 Bd6 11. O-O O-O 12. b3 a6 13. Bb2 Bc7 14. g3 Re8 15.
Rc1 Qd7 16. Na4 Ne4 17. Nc5 Nxc5 18. Rxc5 Rad8 19. Rc2 Bh3 20. Re1 Ba5 21. Bc3
Bxc3 22. Rxc3 d4 23. Nxd4 Nxd4 24. exd4 Qxd4 25. Rd3 Qf6 26. Bf1 Bxf1 27. Rd6
Qg5 28. Rxf1 1/2-1/2

[Event "Pyramiden Franken op 4"]
[Site "Fuerth"]
[Date "2001.08.19"]
[Round "2"]
[White "Kordts, Wolfgang"]
[Black "Hector, Jonny"]
[Result "1/2-1/2"]
[WhiteElo "2226"]
[BlackElo "2552"]
[PlyCount "43"]
[EventDate "2001.08.18"]
[EventType "swiss"]
[EventRounds "9"]
[EventCountry "GER"]
[Source "Fruth,M"]
[SourceDate "2003.05.15"]

1. d4 d5 2. c4 e6 3. Nc3 c5 4. cxd5 cxd4 5. Qa4+ Bd7 6. Qxd4 exd5 7. Qxd5 Nc6
8. Nf3 Nf6 9. Qd1 Bc5 10. e3 Qe7 11. Be2 g5 12. O-O g4 13. Nd4 Qe5 14. b4 Nxd4
15. bxc5 Nf3+ 16. Bxf3 gxf3 17. Qxf3 Bc6 18. e4 Nxe4 19. Nxe4 Qxe4 20. Qxe4+
Bxe4 21. Re1 O-O-O 22. Bf4 1/2-1/2

[Event "ESP-ch TT"]
[Site "Cala Galdana"]
[Date "2001.10.13"]
[Round "1"]
[White "Granados Gomez, Manuel"]
[Black "Rojo Gomez, Jorge"]
[Result "1/2-1/2"]
[WhiteElo "2428"]
[BlackElo "2313"]
[PlyCount "56"]
[EventDate "2001.10.13"]
[EventType "team"]
[EventCountry "ESP"]
[Source "Fruth,M"]
[SourceDate "2003.05.15"]

1. c4 e6 2. Nc3 d5 3. d4 c5 4. cxd5 cxd4 5. Qa4+ Bd7 6. Qxd4 exd5 7. Nf3 Nc6 8.
Qxd5 Nf6 9. Qd1 Bc5 10. a3 Qe7 11. e3 O-O 12. b4 Bb6 13. Bb2 Be6 14. Bd3 Bg4
15. Be2 Rfd8 16. Qc2 Rac8 17. O-O Ne5 18. Nxe5 Qxe5 19. Rad1 Rxd1 20. Rxd1 Bc7
21. g3 Bb6 22. Bxg4 Nxg4 23. Qe4 Qxe4 24. Nxe4 f5 25. Rd7 Rc2 26. Rd2 Rxd2 27.
Nxd2 Nxe3 28. Nb3 Nc4 1/2-1/2

[Event "ESP-ch TT"]
[Site "Cala Galdana"]
[Date "2001.10.14"]
[Round "2"]
[White "Marin, Mihail"]
[Black "Rodriguez Vargas, Orestes"]
[Result "1/2-1/2"]
[WhiteElo "2561"]
[BlackElo "2463"]
[PlyCount "32"]
[EventDate "2001.10.13"]
[EventType "team"]
[EventCountry "ESP"]
[Source "Fruth,M"]
[SourceDate "2003.05.15"]

1. c4 e6 2. Nc3 d5 3. d4 c5 4. cxd5 cxd4 5. Qa4+ Bd7 6. Qxd4 exd5 7. Qxd5 Nc6
8. Nf3 Nf6 9. Qd1 Bc5 10. e3 Qe7 11. Be2 O-O-O 12. O-O g5 13. Nd4 Qe5 14. Nf3
Qe7 15. Nd4 Qe5 16. Nf3 Qe7 1/2-1/2

[Event "BEL-ch TT 200102 Interclubs"]
[Site "BEL"]
[Date "2001.12.09"]
[Round "4.2"]
[White "De Haan, Eric"]
[Black "Kuijf, Marinus"]
[Result "0-1"]
[WhiteElo "2285"]
[BlackElo "2446"]
[PlyCount "67"]
[EventDate "2001.10.14"]
[EventType "team"]
[EventRounds "11"]
[EventCountry "BEL"]
[Source "Fruth,M"]
[SourceDate "2003.05.15"]

1. d4 d5 2. c4 e6 3. Nc3 c5 4. cxd5 cxd4 5. Qa4+ b5 6. Nxb5 Bd7 7. e3 a6 8. d6
axb5 9. Qxa8 Bxd6 10. Nf3 Nf6 11. Be2 O-O 12. Bd2 dxe3 13. fxe3 Nd5 14. O-O Bc5
15. Rac1 Bxe3+ 16. Bxe3 Nxe3 17. Rfe1 Qb6 18. Kh1 Ng4 19. h3 Nf2+ 20. Kh2 Qd6+
21. Kg1 Bc6 22. Qa7 Nxh3+ 23. gxh3 Qg3+ 24. Kf1 Bxf3 25. Bxf3 Qxf3+ 26. Qf2
Qxh3+ 27. Kg1 Nd7 28. Re3 Qh6 29. Rcc3 Nf6 30. Rh3 Qg6+ 31. Qg2 Qb1+ 32. Kh2 h5
33. Rhf3 Ng4+ 34. Kg3 0-1

[Event "Wichern op 6"]
[Site "Hamburg"]
[Date "2001.10.19"]
[Round "7.16"]
[White "Roettgen, Juergen"]
[Black "Bach, Matthias"]
[Result "0-1"]
[WhiteElo "2194"]
[BlackElo "2335"]
[PlyCount "56"]
[EventDate "2001.10.21"]
[EventType "swiss"]
[EventRounds "9"]
[EventCountry "GER"]
[Source "Fruth,M"]
[SourceDate "2003.05.15"]

1. d4 d5 2. c4 e6 3. Nc3 c5 4. cxd5 cxd4 5. Qxd4 Nc6 6. Qd1 exd5 7. Qxd5 Bd7 8.
e3 Nf6 9. Qd1 Bc5 10. a3 Qe7 11. Nf3 O-O-O 12. Qc2 Kb8 13. b4 Bb6 14. Bb2 g5
15. O-O-O g4 16. Nd2 Ne5 17. Nc4 Bc7 18. Kb1 Bc6 19. b5 Rxd1+ 20. Qxd1 Rd8 21.
Qb3 Be4+ 22. Ka1 Nxc4 23. Qxc4 Be5 24. Be2 Rd2 25. Bxg4 Nxg4 26. f3 Bd5 27.
Qxg4 Bxc3 28. Qg3+ Kc8 0-1

[Event "Graz op"]
[Site "Graz"]
[Date "2002.??.??"]
[Round "5"]
[White "Havlicek, Josef"]
[Black "Diermair, Andreas"]
[Result "1-0"]
[WhiteElo "2162"]
[BlackElo "2196"]
[PlyCount "75"]
[EventDate "2002.??.??"]
[EventType "swiss"]
[EventRounds "9"]
[EventCountry "AUT"]
[Source "Fruth,M"]
[SourceDate "2003.05.15"]

1. d4 d5 2. c4 e6 3. Nc3 c5 4. cxd5 cxd4 5. Qxd4 Nc6 6. Qd1 exd5 7. Qxd5 Bd7 8.
a3 Nf6 9. Qd1 Bc5 10. Nf3 Qe7 11. Bg5 O-O-O 12. Qc2 Rhe8 13. e3 Bg4 14. Be2
Bxf3 15. Qf5+ Kb8 16. Qxf3 h6 17. Bf4+ Ka8 18. O-O g5 19. Bg3 h5 20. Bb5 Rc8
21. h3 Rg8 22. Qf5 h4 23. Bh2 a6 24. Be2 Bd6 25. Bxd6 Qxd6 26. Rfd1 Qe5 27.
Qxe5 Nxe5 28. Rd6 Rg6 29. f4 gxf4 30. exf4 Rcg8 31. g4 Nexg4 32. hxg4 Nxg4 33.
Rxg6 Rxg6 34. Kg2 Ne3+ 35. Kf2 Ng4+ 36. Bxg4 Rxg4 37. Nd5 Kb8 38. Rg1 1-0

[Event "Ostrava op A"]
[Site "Ostrava"]
[Date "2002.05.25"]
[Round "9"]
[White "Kharitonov, Alexander"]
[Black "Pisk, Petr"]
[Result "1/2-1/2"]
[WhiteElo "2438"]
[BlackElo "2365"]
[PlyCount "163"]
[EventDate "2002.05.18"]
[EventType "swiss"]
[EventRounds "10"]
[EventCountry "CZE"]
[Source "Fruth,M"]
[SourceDate "2003.05.15"]

1. d4 d5 2. c4 e6 3. Nc3 c5 4. cxd5 cxd4 5. Qa4+ Bd7 6. Qxd4 exd5 7. Qxd5 Nc6
8. Nf3 Nf6 9. Qd1 Bc5 10. e3 Qe7 11. a3 O-O-O 12. Qc2 Kb8 13. Be2 Rhg8 14. b4
Bb6 15. Bb2 Rc8 16. Rd1 g5 17. b5 Na5 18. O-O g4 19. Nd4 Rg5 20. Qd2 Rh5 21. g3
Nc4 22. Bxc4 Rxc4 23. Nde2 Bxb5 24. Nxb5 Rxb5 25. Qd3 Rbc5 26. Bd4 Rc8 27. Bxf6
Qxf6 28. Nf4 Rc3 29. Qxh7 Rxa3 30. Nd5 Qe6 31. Nxb6 axb6 32. Rd4 Rxe3 33. Qg7
Re1 34. Qxg4 Rxf1+ 35. Kxf1 Rc1+ 36. Kg2 Qc6+ 37. Qe4 Re1 38. Qxc6 bxc6 39. h4
Kc7 40. h5 b5 41. h6 c5 42. Rd5 Re8 43. Rxc5+ Kb6 44. Rh5 b4 45. h7 Rh8 46. Kf3
b3 47. Ke4 b2 48. Rh1 Kc6 49. Rb1 Kd7 50. Rxb2 Ke7 51. Kf5 Rxh7 52. g4 Rh6 53.
g5 Rh2 54. Ra2 Rg2 55. Ra7+ Kf8 56. f4 Kg7 57. Ra3 Rg1 58. Ra6 Rg2 59. Ke4 Rg1
60. Rf6 Re1+ 61. Kf3 Rf1+ 62. Kg2 Ra1 63. Rd6 Ra3 64. Kf2 Rb3 65. Ke2 Ra3 66.
Kf2 Rb3 67. Rd4 Kg6 68. Rd6+ Kg7 69. Rh6 Ra3 70. Kg2 Rb3 71. Rh3 Rb2+ 72. Kg3
f6 73. Kg4 fxg5 74. Kxg5 Rb6 75. f5 Ra6 76. Rb3 Rc6 77. Rb7+ Kf8 78. Kf4 Ra6
79. Ke5 Rc6 80. Rb8+ Kf7 81. Rb7+ Kf8 82. f6 1/2-1/2

[Event "EU-ch 3"]
[Site "Batumi"]
[Date "2002.06.18"]
[Round "7"]
[White "Erdogan, Hakan"]
[Black "Kamadadze, Zviad"]
[Result "0-1"]
[WhiteElo "2233"]
[BlackElo "2225"]
[PlyCount "118"]
[EventDate "2002.06.12"]
[EventType "swiss"]
[EventRounds "13"]
[EventCountry "GEO"]
[Source "Fruth,M"]
[SourceDate "2003.05.15"]

1. d4 d5 2. c4 e6 3. Nc3 c5 4. cxd5 cxd4 5. Qxd4 Nc6 6. Qd1 exd5 7. Qxd5 Bd7 8.
e3 Nf6 9. Qd1 Bc5 10. Nf3 Qe7 11. a3 O-O-O 12. Qc2 Kb8 13. b4 Bb6 14. Be2 g5
15. O-O g4 16. Nh4 Qe5 17. Bb2 Qg5 18. g3 Rhe8 19. Na4 Nd4 20. Bxd4 Bxd4 21.
exd4 Bxa4 22. Qxa4 Rxe2 23. Rae1 Re4 24. Qb3 Rexd4 25. Qxf7 Ne4 26. Rc1 a6 27.
Rc7 Qb5 28. Rcc1 Ng5 29. Qf5 Nh3+ 30. Kg2 Qb6 31. Qe5+ Ka8 32. Nf5 Rd2 33. Ne3
h5 34. Qc5 Qe6 35. Rc4 Re8 36. Nf5 Qe2 37. Rf4 Nxf4+ 38. gxf4 Qe4+ 39. Kg1 Qxf4
40. Ng7 Ree2 41. Nxh5 Qd4 42. Qf8+ Ka7 43. Ng3 Re5 44. Qc8 Rd1 45. Qc2 Ree1 46.
Kg2 Qd5+ 47. Kg1 Rxf1+ 48. Nxf1 Qd3 49. Qxd3 Rxd3 50. Ne3 Rxa3 51. Nxg4 Rb3 52.
h4 Rxb4 53. f3 Rf4 54. Kf2 a5 55. h5 a4 56. h6 a3 57. h7 Rf8 58. Ne3 a2 59. Nc2
Rh8 0-1

[Event "EU-ch 3"]
[Site "Batumi"]
[Date "2002.06.24"]
[Round "12"]
[White "Bayram, Yakup"]
[Black "Essing, Arnold"]
[Result "1-0"]
[WhiteElo "2312"]
[BlackElo "2286"]
[PlyCount "59"]
[EventDate "2002.06.12"]
[EventType "swiss"]
[EventRounds "13"]
[EventCountry "GEO"]
[Source "Fruth,M"]
[SourceDate "2003.05.15"]

1. d4 d5 2. c4 e6 3. Nc3 c5 4. cxd5 cxd4 5. Qxd4 Nc6 6. Qd1 exd5 7. e3 Nf6 8.
Nf3 Bb4 9. Be2 Ne4 10. Bd2 Bxc3 11. Bxc3 Nxc3 12. bxc3 O-O 13. O-O Be6 14. Nd4
Na5 15. f4 Qf6 16. Qe1 Bf5 17. Nxf5 Qxf5 18. Rd1 Rfe8 19. Bd3 Qe6 20. Rf3 f5
21. Qh4 g6 22. h3 Rac8 23. g4 Rxc3 24. gxf5 gxf5 25. Kh2 Kh8 26. Rg3 Rc7 27.
Rdg1 Qf7 28. Qg5 Rcc8 29. Bxf5 Rcd8 30. Rg4 1-0

[Event "White Nights op"]
[Site "St.Petersburg"]
[Date "2002.??.??"]
[Round "2.14"]
[White "Grachev, Boris"]
[Black "Nemtsev, Igor"]
[Result "1/2-1/2"]
[WhiteElo "2434"]
[BlackElo "2323"]
[PlyCount "153"]
[EventDate "2002.07.02"]
[EventType "swiss"]
[EventRounds "9"]
[EventCountry "RUS"]
[Source "Fruth,M"]
[SourceDate "2003.05.15"]

1. d4 d5 2. c4 e6 3. Nc3 c5 4. cxd5 cxd4 5. Qxd4 Nc6 6. Qd1 exd5 7. e3 Nf6 8.
Nf3 Bd6 9. Be2 O-O 10. O-O a6 11. b3 Re8 12. Bb2 Bc7 13. Rc1 Qd6 14. Qc2 Bg4
15. g3 Rad8 16. Rfd1 Qe7 17. Nd4 Bb6 18. Na4 Bxd4 19. Bxd4 Nxd4 20. Rxd4 Rc8
21. Bxg4 Rxc2 22. Rxc2 Qe5 23. Bc8 b5 24. Nb2 Qh5 25. Kg2 Ne4 26. Bb7 Nf6 27.
Nd3 Qf5 28. Bxa6 g5 29. Rc6 Rb8 30. a4 bxa4 31. bxa4 h5 32. Bb5 Ne4 33. f3 h4
34. gxh4 gxh4 35. Nf4 Qg5+ 36. Kf1 Nf6 37. Kf2 Kf8 38. Rc5 Rd8 39. a5 Qf5 40.
Bd3 Qe5 41. Rc2 Re8 42. Re2 Qc7 43. a6 Qa5 44. Kg2 Re5 45. Kf2 Nd7 46. Rc2 Nc5
47. Be2 Nxa6 48. Rc8+ Kg7 49. Ra8 Qc3 50. Nxd5 Rxd5 51. Rxd5 Nb4 52. Rd1 Nc2
53. Re8 h3 54. f4 Kf6 55. Re5 Kg7 56. Bb5 Qb2 57. Rg1+ Kf6 58. Be2 Nb4 59. Rd1
Na2 60. Re1 Nc3 61. Rh5 Qd2 62. Rxh3 Ne4+ 63. Kf1 Kg7 64. Rf3 f5 65. Rd1 Qc2
66. Rg3+ Kf6 67. Rg2 Qc5 68. Bf3 Qxe3 69. Bxe4 Qxf4+ 70. Kg1 Qxe4 71. Rf1 Qe3+
72. Kh1 Qe4 73. Kg1 Qe3+ 74. Rgf2 Qe4 75. Rf3 Kg5 76. h3 f4 77. Rxf4 1/2-1/2

[Event "EU-ch U18"]
[Site "Baku"]
[Date "2002.07.??"]
[Round "1"]
[White "Aliev, Chingiz"]
[Black "Mastrovasilis, Dimitrios"]
[Result "0-1"]
[WhiteElo "2213"]
[BlackElo "2462"]
[PlyCount "76"]
[EventDate "2002.07.14"]
[EventType "swiss"]
[EventRounds "11"]
[EventCountry "AZE"]
[Source "Fruth,M"]
[SourceDate "2003.05.15"]

1. d4 d5 2. c4 e6 3. Nc3 c5 4. cxd5 cxd4 5. Qxd4 Nc6 6. Qd1 exd5 7. Nxd5 Nf6 8.
Nxf6+ Qxf6 9. Nf3 Bb4+ 10. Nd2 Bg4 11. a3 Ba5 12. f3 Be6 13. e3 Qe5 14. Kf2
O-O-O 15. Qc2 Bf5 16. Ne4 Bg6 17. Qc5 Bxe4 18. Qxe5 Nxe5 19. fxe4 Rd1 20. b4
Bb6 21. Ke2 Rhd8 22. g3 Kb8 23. Bg2 R1d3 24. Re1 Rc3 25. Rd1 Rc2+ 26. Rd2
Rdxd2+ 27. Bxd2 Nc4 28. Rd1 Ra2 29. Ke1 Bxe3 30. Bxe3 Nxe3 31. Rd2 Nxg2+ 32.
Ke2 Rxa3 33. Rd7 Ra2+ 34. Kf3 Ne1+ 35. Ke3 Rxh2 36. Rxf7 Nc2+ 37. Kf3 Nxb4 38.
e5 Rh6 0-1

[Event "TUR-GEO schev T"]
[Site "Ankara"]
[Date "2002.08.15"]
[Round "12"]
[White "Magalashvili, Davit"]
[Black "Bayram, Yakup"]
[Result "1/2-1/2"]
[WhiteElo "2178"]
[BlackElo "2281"]
[PlyCount "124"]
[EventDate "2002.08.05"]
[EventType "schev"]
[EventRounds "12"]
[EventCountry "TUR"]
[Source "Fruth,M"]
[SourceDate "2003.05.15"]

1. d4 d5 2. c4 e6 3. Nc3 c5 4. cxd5 cxd4 5. Qxd4 Nc6 6. Qd1 exd5 7. e3 Nf6 8.
Nf3 Bb4 9. Be2 Ne4 10. Bd2 Nxd2 11. Qxd2 Qa5 12. O-O Bxc3 13. bxc3 O-O 14. Rab1
a6 15. Rfd1 Rd8 16. h3 b5 17. Bd3 g6 18. Rb2 Be6 19. Nd4 Nxd4 20. cxd4 Qxd2 21.
Rdxd2 Rdc8 22. Rdc2 Bf5 23. Bxf5 gxf5 24. Kf1 Rc4 25. g3 Rac8 26. Rd2 Rc3 27.
Ke2 R8c4 28. Kf3 Kg7 29. Kf4 Kf6 30. g4 b4 31. gxf5 a5 32. f3 Ra3 33. Rb3 Rc3
34. Rdb2 Ke7 35. Rxa3 Rxa3 36. Rd2 a4 37. e4 f6 38. e5 Rc3 39. Re2 Rc6 40. h4
Kf7 41. h5 h6 42. Rg2 Rb6 43. exf6 b3 44. axb3 axb3 45. Rg7+ Kf8 46. Rg1 b2 47.
Rb1 Kf7 48. Ke5 Rb5 49. f4 Rb8 50. Kxd5 Kxf6 51. Kc4 Kxf5 52. Kc3 Ke4 53. f5
Rc8+ 54. Kxb2 Kxd4 55. Re1 Rf8 56. Re6 Rxf5 57. Rxh6 Rf2+ 58. Kb3 Rh2 59. Rh8
Ke5 60. h6 Kf6 61. Kc4 Kg6 62. Rg8+ Kh7 1/2-1/2

[Event "EU-ch Clubs fin"]
[Site "Halkidiki"]
[Date "2002.09.26"]
[Round "5"]
[White "Titz, Heimo"]
[Black "Detter, Peter"]
[Result "1-0"]
[WhiteElo "2309"]
[BlackElo "2170"]
[PlyCount "53"]
[EventDate "2002.09.22"]
[EventType "team"]
[EventRounds "7"]
[EventCountry "GRE"]
[Source "Fruth,M"]
[SourceDate "2003.05.15"]

1. d4 d5 2. c4 e6 3. Nc3 c5 4. cxd5 cxd4 5. Qxd4 Nc6 6. Qd1 exd5 7. Qxd5 Bd7 8.
a3 Nf6 9. Qd1 Bc5 10. Nf3 Qe7 11. e3 O-O-O 12. Be2 g5 13. b4 Bb6 14. b5 Ne5 15.
Qc2 Kb8 16. Bb2 Rc8 17. O-O Nxf3+ 18. gxf3 Rhg8 19. Rfd1 g4 20. Kh1 gxf3 21.
Bxf3 Ng4 22. Rg1 Qh4 23. Rg2 Bc7 24. Qe4 Bc6 25. bxc6 Bxh2 26. Bxg4 Rxg4 27.
Qxg4 1-0

[Event "SWE-ch TT 200203"]
[Site "SWE"]
[Date "2003.01.18"]
[Round "6"]
[White "Olausson, Claes Goran"]
[Black "Jepson, Christian"]
[Result "1-0"]
[WhiteElo "2272"]
[BlackElo "2412"]
[PlyCount "87"]
[EventDate "2002.10.11"]
[EventType "team"]
[EventRounds "11"]
[EventCountry "SWE"]
[Source "Fruth,M"]
[SourceDate "2003.05.15"]

1. d4 e6 2. c4 d5 3. Nc3 c5 4. cxd5 cxd4 5. Qa4+ Bd7 6. Qxd4 exd5 7. Nf3 Nc6 8.
Qxd5 Nf6 9. Qb3 Bc5 10. Bg5 Qa5 11. Bxf6 gxf6 12. e3 Rg8 13. Qb5 Qxb5 14. Nxb5
Bb4+ 15. Nc3 O-O-O 16. Rc1 Kb8 17. a3 Bf8 18. Nd5 Bg7 19. Nc3 f5 20. g3 Na5 21.
Be2 Bc6 22. Rc2 Nb3 23. Rf1 Rge8 24. Nd2 Nc5 25. Ndb1 Nd3+ 26. Bxd3 Rxd3 27.
Ke2 Red8 28. Rd1 Rxd1 29. Nxd1 Bb5+ 30. Ke1 Ba4 31. Rd2 Rc8 32. Ndc3 Bb3 33.
Ke2 Bc4+ 34. Kf3 Be5 35. Kg2 a6 36. Ne2 Bb5 37. Nd4 Bxd4 38. exd4 Rc1 39. Nc3
Bc4 40. Kf3 Re1 41. Kf4 Be6 42. Rd1 Rxd1 43. Nxd1 Kc7 44. Ke5 1-0

[Event "Chigorin mem op A"]
[Site "St.Petersburg"]
[Date "2002.??.??"]
[Round "7.39"]
[White "Sergienko, Sergey"]
[Black "Kirusha, Andrey"]
[Result "1-0"]
[WhiteElo "2418"]
[BlackElo "2396"]
[PlyCount "146"]
[EventDate "2002.10.25"]
[EventType "swiss"]
[EventRounds "9"]
[EventCountry "RUS"]
[Source "Fruth,M"]
[SourceDate "2003.05.15"]

1. d4 d5 2. c4 e6 3. Nc3 c5 4. cxd5 cxd4 5. Qa4+ Bd7 6. Qxd4 exd5 7. Qxd5 Nc6
8. Nf3 Nf6 9. Qd1 Bc5 10. e3 Qe7 11. Be2 O-O-O 12. O-O g5 13. b4 g4 14. Nd4
Nxd4 15. exd4 Bxb4 16. Bg5 Bc6 17. Nb5 Bxb5 18. Bxb5 Rd5 19. Qc1+ Kb8 20. Qf4+
Rd6 21. Qe5 Qd8 22. Rab1 Ba5 23. Bc6 Bb6 24. Bf4 bxc6 25. Qxd6+ Kb7 26. Rfc1
Qxd6 27. Bxd6 Nd5 28. a4 Rd8 29. Bc5 Kc7 30. Rc2 Re8 31. Kf1 Re4 32. Rbc1 Re6
33. Re1 Rf6 34. Re5 Kd7 35. Rb2 Bc7 36. Re4 a5 37. Rb3 h5 38. g3 Rh6 39. Bf8
Rh7 40. Re1 h4 41. Kg1 f5 42. Ba3 f4 43. gxf4 Nxf4 44. Bc1 Nd5 45. Bd2 Rh5 46.
Kg2 Rf5 47. Re2 Bd6 48. h3 gxh3+ 49. Kxh3 Nf4+ 50. Bxf4 Rxf4 51. Rd3 Bb4 52. f3
Kd6 53. Re4 Rf6 54. Rxh4 Kd5 55. Kg4 Kc4 56. Rd1 Kb3 57. f4 Kxa4 58. Rh3 Kb5
59. f5 Kc4 60. Kf4 Kd5 61. Rh7 Rf8 62. Rd7+ Kc4 63. Rc1+ Kb5 64. Ke5 Re8+ 65.
Kf6 Re3 66. Kf7 Kb6 67. Rb1 Kb5 68. f6 Kc4 69. Rc7 Kd5 70. Rc1 a4 71. R7xc6 Ke4
72. R1c4 Rb3 73. d5+ Kxd5 1-0

[Event "Bled olm 35"]
[Site "Bled"]
[Date "2002.11.08"]
[Round "13"]
[White "Obodchuk, Andrei"]
[Black "Bayram, Yakup"]
[Result "1/2-1/2"]
[WhiteElo "2423"]
[BlackElo "2313"]
[PlyCount "74"]
[EventDate "2002.10.26"]
[EventType "team"]
[EventRounds "14"]
[EventCountry "SLO"]
[Source "Fruth,M"]
[SourceDate "2003.05.15"]

1. d4 d5 2. c4 e6 3. Nc3 c5 4. cxd5 cxd4 5. Qa4+ Bd7 6. Qxd4 exd5 7. Qxd5 Nc6
8. Nf3 Nf6 9. Qb3 Bc5 10. e3 Qe7 11. Be2 O-O-O 12. Bd2 Kb8 13. O-O-O Bf5 14.
Ne1 Rd7 15. Qa4 Bg6 16. Nc2 Rc8 17. Rhe1 Nb4 18. e4 Nxc2 19. Bf4+ Ka8 20. Rxd7
Nxd7 21. Qxc2 Bxf2 22. Rd1 Nf6 23. Bf3 Qc5 24. Kb1 Bd4 25. Qd3 Bxc3 26. Rc1 Nd5
27. Bd2 a6 28. Bxc3 Nxc3+ 29. Qxc3 Qxc3 30. Rxc3 Rxc3 31. bxc3 Kb8 32. Kc2 Kc7
33. Kd3 Kd6 34. Kd4 f6 35. Be2 Bf7 36. a3 Bb3 37. c4 b6 1/2-1/2

[Event "Donskoj T"]
[Site "Donskoj"]
[Date "2002.??.??"]
[Round "3"]
[White "Gusev, Aleksey"]
[Black "Tishin, Petr"]
[Result "1/2-1/2"]
[WhiteElo "2412"]
[BlackElo "2498"]
[PlyCount "64"]
[EventDate "2002.11.??"]
[EventType "tourn"]
[EventRounds "14"]
[EventCountry "RUS"]
[EventCategory "6"]
[Source "Fruth,M"]
[SourceDate "2003.05.15"]

1. d4 d5 2. c4 e6 3. Nc3 c5 4. cxd5 cxd4 5. Qa4+ Bd7 6. Qxd4 exd5 7. Qxd5 Nc6
8. Nf3 Nf6 9. Qd1 Bc5 10. e3 Qe7 11. a3 O-O-O 12. Qc2 Kb8 13. Bd2 Rc8 14. Bd3
g5 15. O-O g4 16. Ne1 Ne5 17. Be2 Bd6 18. Rc1 Bc6 19. b4 Rhd8 20. b5 Be4 21.
Qa4 Ned7 22. Nxe4 Nxe4 23. Rxc8+ Rxc8 24. Bb4 f5 25. Bxd6+ Qxd6 26. Nd3 Nc3 27.
Qc2 Nxb5 28. Qb2 Nc3 29. Nf4 Ne5 30. Rc1 Nxe2+ 31. Nxe2 Rxc1+ 32. Qxc1 Nc6
1/2-1/2

[Event "Clichy Masters IT 16"]
[Site "Clichy"]
[Date "2002.12.16"]
[Round "3"]
[White "Kirszenberg, Marc"]
[Black "Daurelle, Herve"]
[Result "1/2-1/2"]
[WhiteElo "2232"]
[BlackElo "2217"]
[PlyCount "100"]
[EventDate "2002.12.14"]
[EventType "tourn"]
[EventRounds "9"]
[EventCountry "FRA"]
[EventCategory "3"]
[Source "Fruth,M"]
[SourceDate "2003.05.15"]

1. d4 d5 2. c4 e6 3. Nc3 c5 4. cxd5 cxd4 5. Qa4+ Bd7 6. Qxd4 exd5 7. Qxd5 Nc6
8. Nf3 Nf6 9. Qd1 Bc5 10. e3 Qe7 11. Be2 O-O-O 12. O-O g5 13. b4 g4 14. Nd4 Bd6
15. Bb2 Rhg8 16. Ncb5 Bb8 17. Rc1 Rg6 18. Nxa7+ Bxa7 19. b5 Bxd4 20. Qxd4 Ne4
21. bxc6 Bxc6 22. Qe5 Qxe5 23. Bxe5 Nd2 24. Rfe1 Nf3+ 25. gxf3 gxf3+ 26. Bg3
fxe2 27. Rxe2 Rd3 28. f3 Rg5 29. Kf2 Ra5 30. Rcc2 Rd1 31. Red2 Rxd2+ 32. Rxd2
Bd5 33. a3 Bb3 34. Bd6 Rd5 35. Rxd5 Bxd5 36. e4 Kd7 37. Bb4 Bb3 38. Ke3 Ke6 39.
Kd4 f5 40. e5 Bd5 41. f4 h5 42. Kc5 h4 43. a4 h3 44. a5 Bg2 45. Be1 Be4 46. Kb6
Bg2 47. Kc7 Be4 48. Bh4 Bg2 49. Kd8 Be4 50. Bf2 Bg2 1/2-1/2

[Event "FRA-ch TT 2 200203"]
[Site "FRA"]
[Date "2002.11.17"]
[Round "3.2"]
[White "Barsov, Alexei"]
[Black "Kuijf, Marinus"]
[Result "1-0"]
[WhiteElo "2550"]
[BlackElo "2434"]
[PlyCount "92"]
[EventDate "2003.??.??"]
[EventType "team"]
[EventCountry "FRA"]
[Source "Fruth,M"]
[SourceDate "2003.05.15"]

1. d4 d5 2. c4 e6 3. Nc3 c5 4. cxd5 cxd4 5. Qa4+ b5 6. Qxd4 Nc6 7. Qd1 exd5 8.
e4 d4 9. Nd5 Be6 10. Bxb5 Bxd5 11. exd5 Qa5+ 12. Bd2 Qxb5 13. dxc6 Ne7 14. c7
g6 15. Rc1 Bg7 16. Qe2 Qd7 17. Nf3 O-O 18. O-O Rac8 19. Ne5 Qd6 20. Rfe1 Rxc7
21. Rxc7 Qxc7 22. Bb4 Rb8 23. Bxe7 Qxe7 24. Nd3 Qg5 25. Rc1 Qb5 26. Rc5 Qa6 27.
b3 Kf8 28. Rc7 Re8 29. Qf3 Bf6 30. h4 Re6 31. g3 Be7 32. Nc5 Re1+ 33. Kh2 Qf1
34. Nd3 Re2 35. Rc1 Rxf2+ 36. Qxf2 Qxd3 37. Rf1 f5 38. Qf3 Qc3 39. Qxc3 dxc3
40. Rc1 Bf6 41. Kg2 Ke7 42. Kf3 Kd6 43. Ke3 h5 44. b4 Be5 45. Rc2 Kc6 46. Kd3
Kb5 1-0

[Event "FRA-ch TT 2 200203"]
[Site "FRA"]
[Date "2003.02.02"]
[Round "7.1"]
[White "Bunzmann, Dimitrij"]
[Black "Pisk, Petr"]
[Result "1-0"]
[WhiteElo "2484"]
[BlackElo "2335"]
[PlyCount "77"]
[EventDate "2003.??.??"]
[EventType "team"]
[EventCountry "FRA"]
[Source "Fruth,M"]
[SourceDate "2003.05.15"]

1. d4 d5 2. c4 e6 3. Nc3 c5 4. cxd5 cxd4 5. Qa4+ Bd7 6. Qxd4 exd5 7. Qxd5 Nc6
8. Bg5 Nf6 9. Qd2 Bb4 10. a3 Ba5 11. b4 Bb6 12. e3 h6 13. Bf4 O-O 14. Be2 Rc8
15. Nf3 Re8 16. O-O g5 17. Bg3 g4 18. Ne1 Nh5 19. Nd3 Nxg3 20. hxg3 Bf5 21.
Rfd1 Qg5 22. Nd5 Bxd3 23. Bxd3 Ne5 24. Nxb6 axb6 25. Be4 Red8 26. Qe2 Qe7 27.
Bf5 Rxd1+ 28. Rxd1 Rd8 29. Bxg4 Rxd1+ 30. Qxd1 Nc4 31. Be2 Ne5 32. Qd4 Qe6 33.
Qe4 Qd6 34. Qxb7 Kg7 35. Qe4 f6 36. Qd4 Qc6 37. f4 Qc1+ 38. Kh2 Nf7 39. Bc4 1-0

[Event "Internet Section 17 B"]
[Site "Dos Hermanas"]
[Date "2003.03.17"]
[Round "2"]
[White "AlonsoMoseley"]
[Black "firetiger"]
[Result "0-1"]
[WhiteElo "2358"]
[BlackElo "2841"]
[PlyCount "64"]
[EventDate "2003.03.17"]
[EventType "swiss (blitz)"]
[EventRounds "9"]
[EventCountry "ESP"]
[Source "Fruth,M"]
[SourceDate "2003.05.15"]

1. d4 d5 2. c4 e6 3. Nc3 c5 4. cxd5 cxd4 5. Qxd4 Nc6 6. Qd1 exd5 7. Qxd5 Bd7 8.
Nf3 Nf6 9. Qd1 Bc5 10. e3 Qe7 11. Be2 g5 12. O-O g4 13. Nd4 h5 14. Ncb5 Rd8 15.
Qc2 a6 16. Nxc6 Bxc6 17. Nd4 Bd7 18. b3 h4 19. g3 hxg3 20. fxg3 Ne4 21. Bb2
Nxg3 22. hxg3 Qxe3+ 23. Rf2 Qxg3+ 24. Rg2 Qe3+ 25. Rf2 g3 26. Bf3 Bxd4 27. Bxd4
Qxd4 28. Re1+ Kf8 29. Ref1 Bb5 30. Kg2 Bxf1+ 31. Rxf1 Rh2+ 32. Kxg3 Qh4# 0-1

[Event "Internet Section 17 B"]
[Site "Dos Hermanas"]
[Date "2003.03.17"]
[Round "4"]
[White "KomboMan"]
[Black "firetiger"]
[Result "1-0"]
[WhiteElo "2307"]
[BlackElo "2795"]
[PlyCount "43"]
[EventDate "2003.03.17"]
[EventType "swiss (blitz)"]
[EventRounds "9"]
[EventCountry "ESP"]
[Source "Fruth,M"]
[SourceDate "2003.05.15"]

1. d4 d5 2. c4 e6 3. Nc3 c5 4. cxd5 cxd4 5. Qxd4 Nc6 6. Qa4 exd5 7. Nf3 Nf6 8.
Bg5 Be7 9. Rd1 Be6 10. Nd4 Bd7 11. e3 O-O 12. Bb5 Rc8 13. Bxc6 bxc6 14. Qxa7
Ra8 15. Qb7 c5 16. Nc6 Bxc6 17. Qxc6 d4 18. O-O Rc8 19. Qa4 d3 20. Qc4 d2 21.
e4 Qd4 22. Qe2 1-0

[Event "Regina Prol IT 1"]
[Site "Santos"]
[Date "2003.04.26"]
[Round "6"]
[White "Coelho, Luis Henrique"]
[Black "Molina, Jorge"]
[Result "1/2-1/2"]
[WhiteElo "2409"]
[BlackElo "2274"]
[PlyCount "53"]
[EventDate "2003.04.22"]
[EventType "tourn"]
[EventRounds "11"]
[EventCountry "BRA"]
[EventCategory "4"]
[Source "Fruth,M"]
[SourceDate "2003.05.15"]

1. d4 d5 2. c4 e6 3. Nc3 c5 4. cxd5 cxd4 5. Qxd4 Nc6 6. Qd1 exd5 7. Qxd5 Bd7 8.
Nf3 Nf6 9. Qd1 Bc5 10. e3 Qe7 11. a3 O-O-O 12. Qc2 Kb8 13. Be2 Bb6 14. O-O g5
15. Rd1 g4 16. Nd4 Qe5 17. Ncb5 Rc8 18. Qd3 Rhd8 19. b4 Nxd4 20. Nxd4 Bf5 21.
Qxf5 Bxd4 22. Qxe5+ Bxe5 23. Rb1 Rxd1+ 24. Bxd1 h5 25. f4 Bc3 26. Bc2 Bd2 27.
Bxd2 1/2-1/2